Chaturvedi and Pithisaria's income tax act : (Record no. 88810)

MARC details
000 -LEADER
fixed length control field 00791nam a22002177a 4500
005 - DATE AND TIME OF LATEST TRANSACTION
control field 20140925154031.0
010 ## - LCCN (DPL NO)
LC control number ENG-110904
020 ## - INTERNATIONAL STANDARD BOOK NUMBER
International Standard Book Number 9789351432296
Terms of availability 895.00
035 ## - SYSTEM CONTROL NUMBER
System control number EN-94436
037 ## - SOURCE OF ACQUISITION
Source of stock number/acquisition DBAD/PUB
082 ## - DEWEY DECIMAL CLASSIFICATION NUMBER
Classification number 343.052
100 ## - MAIN ENTRY--PERSONAL NAME
Personal name Chaturvedi, K.
245 ## - TITLE STATEMENT
Title Chaturvedi and Pithisaria's income tax act :
Statement of responsibility, etc by K. Chaturvedi [and] S. M. Pithisaria; compiled by M.K. Pithisaria [and] Mukesh Pithisaria
Remainder of title with relevant texts of allied acts /
260 ## - PUBLICATION, DISTRIBUTION, ETC. (IMPRINT)
Place of publication, distribution, etc Gurgaon
Name of publisher, distributor, etc Lexis Nexis
Date of publication, distribution, etc 2014
270 ## - ADDRESS
Address 14th Floor, Building No.10, Tower-B, DLF Cyber City, Phase-II
City Gurgaon
Postal code 122002
300 ## - PHYSICAL DESCRIPTION
Extent ccxxiii,1705p.
Dimensions 25cm(pbk)
700 ## - ADDED ENTRY--PERSONAL NAME
Personal name Pithisaria, M.K.
700 ## - ADDED ENTRY--PERSONAL NAME
Personal name Pithisaria, Mukesh
700 ## - ADDED ENTRY--PERSONAL NAME
Personal name Pithisaria, Mukesh
942 ## - ADDED ENTRY ELEMENTS (KOHA)
Source of classification or shelving scheme Dewey Decimal Classification
Item type English Books
Call number suffix CHA
Classification part 343.052
Holdings
Withdrawn status Lost status Not for loan Collection code Home library Current library Date acquired Source of acquisition Cost, normal purchase price Full call number Barcode Copy number Cost, replacement price Koha item type
    Not For Loan Non-fiction D.B.Act.Division D.B.Act.Division 18/09/2014 DBAD/PUB 895.00 CHA EN-94436 1 895.00 English Books

© Delhi Public Library
Hit Counter
free hit counter